UM Logo

Vehicular accident investigation and reconstruction / (Record no. 6179)

MARC details
000 -LEADER
fixed length control field 00618nam a22001697a 4500
008 - FIXED-LENGTH DATA ELEMENTS--GENERAL INFORMATION
fixed length control field 170211b xxu||||| |||| 00| 0 eng d
020 ## - INTERNATIONAL STANDARD BOOK NUMBER
International Standard Book Number 0-8493-2020-8 (alk. paper)
082 ## - DEWEY DECIMAL CLASSIFICATION NUMBER
Edition number 2001
Classification number DC 364.1
Item number V26v
100 ## - MAIN ENTRY--PERSONAL NAME
9 (RLIN) 18662
Personal name Van Kirk, Donald J
245 ## - TITLE STATEMENT
Title Vehicular accident investigation and reconstruction /
Statement of responsibility, etc. Donald J. Van Kirk
260 ## - PUBLICATION, DISTRIBUTION, ETC. (IMPRINT)
Place of publication, distribution, etc. Boca Raton, Fla. :
Name of publisher, distributor, etc. CRC Press,
Date of publication, distribution, etc. c2001.
300 ## - PHYSICAL DESCRIPTION
Extent xxv, 481 pages :
Other physical details illustrations ;
Dimensions 24 cm.
521 ## - TARGET AUDIENCE NOTE
Target audience note Includes bibliographical references and index.
650 #0 - SUBJECT ADDED ENTRY--TOPICAL TERM
9 (RLIN) 18665
Topical term or geographic name as entry element Traffic accident investigation
650 #0 - SUBJECT ADDED ENTRY--TOPICAL TERM
9 (RLIN) 18666
Topical term or geographic name as entry element Traffic accidents
942 ## - ADDED ENTRY ELEMENTS (KOHA)
Source of classification or shelving scheme Dewey Decimal Classification
Koha item type Circulation
Holdings
Withdrawn status Lost status Source of classification or shelving scheme Damaged status Not for loan Collection code Home library Current library Date acquired Source of acquisition Total Checkouts Full call number Barcode Date last seen Price effective from Koha item type
    Dewey Decimal Classification     Circulation UM Digos College - LIC UM Digos College - LIC 09/16/2002 Purchased   DC 364.1 V26v 2001 19698 05/15/2025 02/11/2017 Circulation